Immigration et Homosexualitè Droits et santè

Đã lưu trong:
Chi tiết về thư mục
Nhiều tác giả của công ty: IO (Immigrazioni e Omosessualità), Arcigay
Định dạng: Sách
Ngôn ngữ:Tiếng Anh
Được phát hành: Regione Emilia Romagna
Các nhãn: Thêm thẻ
Không có thẻ, Là người đầu tiên thẻ bản ghi này!

MARC

LEADER 00000nam a2200000 4500
005 20241016182534.0
008 241016b |||||||| |||| 00| 0 eng d
040 |c GP 
110 |a IO (Immigrazioni e Omosessualità) 
245 |a Immigration et Homosexualitè  |b Droits et santè 
260 |b Regione Emilia Romagna 
710 |a Arcigay 
942 |2 ddc  |c BK  |n 0 
952 |0 0  |1 0  |2 ddc  |4 0  |6 362_000000000000000_ARC  |7 1  |9 2138  |a RM  |b RM  |d 2024-10-16  |l 0  |o 362 ARC  |p 745  |r 2024-10-16 18:25:55  |w 2024-10-16  |y BK 
999 |c 1880  |d 1880